=LDR 00000nam 2200000 4500 =001 INLIS000000000014796 =005 20130612110056 =008 ***********************************Ind** =035 ##$$0010-061300000014796 =041 ##$$a Ind =082 ##$$a 495.6 =090 ##$$a 495.6, Kam c =100 ##$$a Kamiya, Taeko =245 ##$$a Cara praktis berbahasa Jepang, Membuat anda lebih betah selama di Jepang, Taeko Kamiya =260 ##$$a 2004 $b Jakarta =300 ##$$a 176 hlm, Ilus, 18 cm =650 ##$$a Bahasa Jepang =850 ##$$a NBPNMAT